|
|
|
|
| LEADER |
00674cam a2200193 7i4500 |
| 001 |
0000016299 |
| 005 |
20191017090000.0 |
| 008 |
070710 eng |
| 020 |
|
|
|a 9971510480 (pbk.)
|
| 090 |
0 |
0 |
|a QC176
|b .K58 1986
|
| 100 |
1 |
|
|a Kittel, Charles
|
| 245 |
1 |
0 |
|a Introduction to solid state physics
|c Charles Kittel.
|
| 250 |
|
|
|a 6th ed.
|
| 260 |
|
|
|a Singapore:
|b John Wiley & Sons,
|c 1986.
|
| 300 |
|
|
|a x, 646 p.:
|b ill.;
|c 25 cm.
|
| 504 |
|
|
|a Includes bibliographical references and index
|
| 650 |
0 |
0 |
|a Solid state physics
|
| 997 |
|
|
|a Engineering & Life Sciences, Faculty
|b Engineering, Department
|
| 999 |
|
|
|a 0000024082
|b BOK
|c OPEN SHELF
|e 2nd Floor, Bestari Jaya
|